[Event "8th Asian Continental Open"]
[Site "Subic Bay PHI"]
[Date "2009.05.22"]
[Round "10"]
[White "Lou Yiping"]
[Black "Hassan,Ab"]
[Result "1-0"]
[WhiteElo "2410"]
[BlackElo "2322"]

1.d4 Nf6 2.c4 e6 3.g3 d5 4.Bg2 Be7 5.Nf3 O-O 6.O-O c6 7.Qc2 b6 8.b3 Ba6 9.Bb2 Nbd7
10.Rd1 Rc8 11.Nc3 dxc4 12.e4 Qc7 13.Qe2 b5 14.bxc4 b4 15.Na4 Qa5 16.a3 bxa3
17.Bxa3 Bxa3 18.Rxa3 Qb4 19.Qb2 Rb8 20.Qxb4 Rxb4 21.e5 Ne8 22.Nd2 Bxc4 23.Nxc4 Rxc4
24.Nb2 Rb4 25.Rxa7 Nb6 26.Rd2 Nd5 27.Ra6 Nec7 28.Rxc6 g6 29.h4 Rfb8 30.Nc4 Nb5
31.Rc5 Rd8 32.Ne3 Nbc3 33.Kh2 h5 34.Bf3 Kf8 35.Kg2 Rb5 36.Nxd5 Rxc5 37.dxc5 Nxd5
38.Bxd5 exd5 39.Kf3 Ke7 40.Kf4 Ke6 41.Ra2 Rc8 42.Ra6+ Ke7 43.c6 Ke6 44.c7+ Kd7
45.Rd6+ Ke7 46.Rc6 Kd7 47.Rc1 Rxc7 48.Rxc7+ Kxc7 49.Ke3 Kd7 50.Kd4 Ke6 51.f3 Kf5
52.Kxd5 g5 53.hxg5 Kxg5 54.Ke4 h4 55.gxh4+ Kxh4 56.Kf4 Kh3 57.Kg5 Kg3 58.f4  1-0

[Event "8th Asian Continental Open"]
[Site "Subic Bay PHI"]
[Date "2009.05.22"]
[Round "10"]
[White "Mahjoob,M"]
[Black "Irwanto,S"]
[Result "1-0"]
[WhiteElo "2498"]
[BlackElo "2447"]

1.d4 Nf6 2.c4 e6 3.g3 d5 4.Nf3 Be7 5.Bg2 O-O 6.O-O dxc4 7.Qc2 a6 8.a4 Bd7
9.Rd1 Bc6 10.Nc3 Bxf3 11.Bxf3 Nc6 12.Bxc6 bxc6 13.Bg5 a5 14.e3 Rb8 15.Rac1 Nd5
16.Bxe7 Qxe7 17.Ne4 Rb4 18.Nc5 Ra8 19.b3 cxb3 20.Nxb3 Rb6 21.Nd2 Nb4 22.Qe4 Rba6
23.Rc5 Rd8 24.Rdc1 Raa8 25.Nb3 Rd5 26.Qb1 g6 27.Nxa5 Rxa5 28.Qxb4 Ra8 29.Qb3 Rxc5
30.Rxc5 Qe8 31.Kg2 Ra6 32.a5 Qa8 33.Qb4 Ra7 34.Qa4 Ra6 35.h4 Rb6 36.h5 Qa6
37.h6 Rb5 38.Qa1 f6 39.d5 e5 40.Rxc6 Qxa5 41.Qxa5 Rxa5 42.e4 f5 43.Rxc7 fxe4
44.d6 Kf8 45.Rxh7  1-0

[Event "Global Chess"]
[Site "Ulan Bator MGL"]
[Date "2009.05.22"]
[Round "7"]
[White "Tuvshintugs,B"]
[Black "Khatanbaatar,B"]
[Result "1/2-1/2"]
[WhiteElo "2286"]
[BlackElo "2403"]

1.d4 Nf6 2.c4 e6 3.Nf3 d5 4.g3 Be7 5.Bg2 O-O 6.O-O dxc4 7.Qc2 a6 8.Qxc4 b5
9.Qc2 Bb7 10.Bf4 Ra7 11.Qxc7 Qxc7 12.Bxc7 Bxf3 13.Bxb8 Bxg2 14.Bxa7 Bxf1
15.Kxf1 Nd7 16.d5 exd5 17.Nc3 Nf6 18.Rd1 Rd8 19.Bd4 Ne4 20.f3 Nxc3 21.Bxc3 b4
22.Bd4 Rc8 23.Be3 Rd8 24.Bd4 Rc8 25.Be3 Rc2 26.Rd2 Rxd2 27.Bxd2 f6 28.e4 dxe4
29.fxe4 Kf7 30.Ke2 Ke6 31.Kd3 Bc5  1/2-1/2

[Event "ch-CHN w"]
[Site "Xinghua Jiangsu CHN"]
[Date "2009.05.27"]
[Round "2"]
[White "Ju Wenjun"]
[Black "Wang Xiaohui"]
[Result "1/2-1/2"]
[WhiteElo "2454"]
[BlackElo "2265"]

1.d4 Nf6 2.c4 e6 3.g3 d5 4.Bg2 Be7 5.Nf3 O-O 6.O-O dxc4 7.Qc2 a6 8.Qxc4 b5
9.Qc2 Bb7 10.Bd2 Be4 11.Qc1 Bb7 12.Rd1 Qc8 13.Bg5 c5 14.dxc5 Qxc5 15.Qxc5 Bxc5
16.Bxf6 gxf6 17.Nbd2 Bb6 18.Nb3 Rc8 19.a4 bxa4 20.Rxa4 Bd5 21.Nfd2 Bxg2 22.Kxg2 Nc6
23.Nc4 Bc7 24.Nc5 Ne5 25.b3 a5 26.Nd7 Nxd7 27.Rxd7 Kf8 28.Rd2 Ke7 29.Rda2 Rab8
30.R2a3 f5 31.Nxa5 Bxa5 32.Rxa5 Rc3 33.R3a4 Rbxb3 34.e4 f4 35.gxf4 Rf3 36.e5 Kf8
37.Ra8+ Kg7 38.Re4 Rbd3 39.Rb8 Ra3 40.Rd8 Rab3 41.Ra8 Rbd3 42.h4 Rb3 43.Ra1 Kg6
44.Ra8 Kg7 45.Rd8 Ra3 46.Rb8 Rad3 47.Rb7 Ra3 48.Rd7 Rab3 49.Ra7 Rbd3 50.h5 Rb3
51.h6+ Kg6 52.Ra8 Kxh6 53.Rg8 Rfc3 54.Rd4 Rd3 55.Ra4 Ra3 56.Rb4 Rab3 57.Rc4 Rbc3  1/2-1/2

[Event "Subic Open"]
[Site "Subic PHI"]
[Date "2009.05.28"]
[Round "5"]
[White "Pascua,H"]
[Black "Li Panru"]
[Result "1/2-1/2"]
[WhiteElo "2359"]
[BlackElo "2146"]

1.d4 d5 2.Nf3 e6 3.c4 Be7 4.g3 Nf6 5.Bg2 O-O 6.O-O dxc4 7.Qa4 c5 8.Qxc4 Qd5
9.Qc3 Nc6 10.Be3 Qh5 11.Qb3 cxd4 12.Nxd4 Ng4 13.h3 Nxe3 14.Nxc6 Bc5 15.Ne7+ Bxe7
16.Qxe3 Bc5 17.Qd3 e5 18.g4 Qh4 19.Nc3 h5 20.gxh5 Qxh5 21.Na4 Be7 22.Rfd1 Bf5
23.Qf3 Qxf3 24.Bxf3 Rad8 25.Bxb7 Bxh3 26.Bd5 Rd6 27.Rd3 Bf5 28.e4 Rg6+ 29.Rg3 Rxg3+
30.fxg3 Bd7 31.Nc3 Rb8 32.Rf1 Bc5+ 33.Kh1 Be8 34.b3 Kf8 35.Kg2 Bb4 36.Nd1 Bc5
37.Nb2 Ke7 38.Nd3 Bd4 39.Rc1 Bd7 40.Ne1 Be3 41.Rc4 f5 42.exf5 Bxf5 43.Be4 Be6
44.Rc7+ Kf6 45.Kf3 Bb6 46.Rc6 Ke7 47.Nd3 Rf8+ 48.Kg2 Rf6 49.Rc2 Rh6 50.Nxe5 Bh3+
51.Kf3 Rf6+ 52.Ke2 Re6 53.Nc6+ Kd6 54.Kf3 Rf6+ 55.Ke2 Re6 56.Kf3 Rf6+ 57.Ke2 Re6
58.Kf3 Rf6+  1/2-1/2

[Event "Copper State Int"]
[Site "Mesa USA"]
[Date "2009.05.30"]
[Round "3"]
[White "Ippolito,D"]
[Black "Gareev,T"]
[Result "1/2-1/2"]
[WhiteElo "2443"]
[BlackElo "2590"]

1.d4 d5 2.c4 e6 3.Nf3 Nf6 4.g3 Be7 5.Bg2 c6 6.O-O O-O 7.Qb3 b6 8.Bg5 Bb7
9.Rd1 Nbd7 10.Nc3 h6 11.Bxf6 Nxf6 12.Ne5 Rc8 13.e4 dxc4 14.Nxc4 Rc7 15.e5 Nd5  1/2-1/2

[Event "XXXI Nezhmetdinov Mem"]
[Site "Kazan RUS"]
[Date "2009.05.31"]
[Round "1"]
[White "Mikheev,S"]
[Black "Jusupov,T"]
[Result "1-0"]
[WhiteElo "2319"]
[BlackElo "2017"]

1.d4 Nf6 2.c4 e6 3.Nf3 d5 4.g3 Be7 5.Bg2 O-O 6.O-O dxc4 7.Qc2 c5 8.Rd1 Qb6
9.Na3 cxd4 10.Nxc4 Qc5 11.Nxd4 e5 12.b4  1-0

[Event "59th ch-RUS w HL"]
[Site "Voronezh RUS"]
[Date "2009.06.02"]
[Round "2"]
[White "Iljushina,O"]
[Black "Kovalevskaya,E"]
[Result "1-0"]
[WhiteElo "2329"]
[BlackElo "2450"]

1.d4 Nf6 2.c4 e6 3.g3 d5 4.Bg2 Be7 5.Nf3 O-O 6.Qc2 c5 7.O-O cxd4 8.Nxd4 e5
9.Nf5 d4 10.Nxe7+ Qxe7 11.b4 Be6 12.Ba3 Na6 13.b5 Nc5 14.Nd2 Rac8 15.Nb3 b6
16.Bxc5 bxc5 17.a4 Qd7 18.a5 Bf5 19.Qb2 Bh3 20.a6 Bxg2 21.Kxg2 e4 22.Na5 Rfe8
23.b6 axb6 24.Qxb6 d3 25.exd3 e3 26.Nb7 Qxd3 27.Nd6 Nd7 28.Nxc8 Nxb6 29.Nxb6 g5
30.a7 Qe4+ 31.Kg1 Qb7 32.a8=Q Rxa8 33.Nxa8 h5 34.fxe3 Qe4 35.Nb6 Qxe3+ 36.Rf2 h4
37.Nd5 Qd4 38.Ra8+ Kg7 39.Ra7 h3 40.Rxf7+ Kh6 41.Re7 Kg6 42.Ne3 Qc3 43.Rf1 Qb2
44.Ref7 g4 45.R7f4 Kh7 46.Rxg4 Qe5 47.Nd5 Qb2 48.Rh4+ Kg7 49.Rxh3 Qd4+ 50.Rf2 Qxc4
51.Rh5 Qd4 52.Rg5+ Kh6 53.h4 c4 54.Ne7 Qd1+ 55.Kg2  1-0

[Event "1st SCS GM Open"]
[Site "Bhubaneswar IND"]
[Date "2009.06.07"]
[Round "1"]
[White "Fominyh,A"]
[Black "Ranjan,M"]
[Result "1-0"]
[WhiteElo "2485"]
[BlackElo "1916"]

1.d4 d5 2.c4 e6 3.Nf3 Nf6 4.g3 Be7 5.Bg2 O-O 6.O-O Nbd7 7.Qc2 b6 8.cxd5 exd5
9.Qc6 Ba6 10.Nc3 Rc8 11.Qa4 Nb8 12.Bh3 Ne4 13.Bxc8 Nxc3 14.bxc3 Bxe2 15.Bh3 Bxf3
16.Qxa7 Bd6 17.Ba3 Nc6 18.Qa4 Na5 19.Bxd6 Qxd6 20.Rfe1 h5 21.Qd7 Qxd7 22.Bxd7 Nc4
23.Re8 Rxe8 24.Bxe8 Kf8 25.Bb5 Nd2 26.Bf1 Bg4 27.Bg2 c6 28.Re1 Be6 29.f3 Ke7
30.Kf2 Kd6 31.Bf1 Bf5 32.Ke3 Nxf1+ 33.Rxf1 f6 34.h4 g5 35.hxg5 fxg5 36.f4  1-0

[Event "Maia Chiburdanidze Cup"]
[Site "Tbilisi GEO"]
[Date "2009.06.07"]
[Round "3"]
[White "Tsatsalashvili,K"]
[Black "Tandashvili,M"]
[Result "1-0"]
[WhiteElo "2254"]
[BlackElo "2055"]

1.d4 Nf6 2.g3 d5 3.Bg2 e6 4.c4 Be7 5.Nf3 O-O 6.O-O b6 7.cxd5 exd5 8.Qc2 Be6
9.Ng5 Qd7 10.Nxe6 fxe6 11.Bf4 c5 12.Bxb8 Raxb8 13.Nd2 cxd4 14.Nf3 Qd6 15.Nxd4 Kh8
16.Qb3 Nd7 17.Nb5 Nc5 18.Nxd6 Nxb3 19.axb3 Bxd6 20.Rxa7 Bc5 21.Bf3 Rf6 22.Rfa1 Rbf8
23.Ra8 g6 24.Kg2 Kg7 25.R1a7+ R6f7 26.Rxf7+ Rxf7 27.Rb8 Bd4 28.e3 Bxb2 29.Rxb6 Re7
30.b4 d4 31.exd4 Bxd4 32.Rd6 Be5 33.Ra6 Kf7 34.b5 h6 35.b6 Re8 36.Ra7+ Kf6
37.Rh7 h5 38.Be4 Rg8 39.b7 Bb8 40.Bc6 Rd8 41.Bd7 Ba7 42.Kf3 Ke5 43.Rf7 Kd6
44.Bc8 e5 45.Ke4 g5 46.Rf5 h4 47.Rxg5 hxg3 48.fxg3 Re8 49.h4 Bb8 50.h5 Kc6
51.h6 Rh8 52.Rg6+ Kc5 53.g4 Rf8 54.h7 Re8 55.Rg7  1-0

[Event "XLIV Capablanca Memorial Open"]
[Site "Havana CUB"]
[Date "2009.06.08"]
[Round "1"]
[White "Real de Azua,E"]
[Black "Ordunez,E"]
[Result "0-1"]
[WhiteElo "2445"]
[BlackElo "2270"]

1.d4 Nf6 2.c4 e6 3.Nf3 d5 4.g3 Be7 5.Bg2 O-O 6.O-O dxc4 7.Qc2 a6 8.Qxc4 b5
9.Qc2 Bb7 10.Bd2 Be4 11.Qb3 c5 12.Nc3 Bc6 13.e3 Nbd7 14.Rfd1 Qb6 15.a3 Rac8
16.Be1 Qb7 17.Nh4 Bxg2 18.Nxg2 cxd4 19.exd4 Rfd8 20.Ne3 Nb6 21.a4 b4 22.a5 Nbd5
23.Ncxd5 Nxd5 24.Nc4 Qb5 25.Ne5 Bf6 26.Qd3 Qxd3 27.Rxd3 Rc2 28.Rb3 Bxe5 29.dxe5 Rdc8
30.Kf1 h5 31.Rd1 R8c5 32.Rdd3 R2c4 33.Bd2 Rxa5 34.Be3 Ra1+ 35.Kg2 a5 36.Rd4 Rc2  0-1

[Event "TCh-BUL"]
[Site "Sunny Beach BUL"]
[Date "2009.06.09"]
[Round "2"]
[White "Spassov,L"]
[Black "Serafimov,T"]
[Result "1-0"]
[WhiteElo "2433"]
[BlackElo "2388"]

1.d4 d5 2.c4 e6 3.Nf3 Be7 4.g3 Nf6 5.Bg2 O-O 6.O-O Nc6 7.Nbd2 Ne4 8.Qc2 f5
9.e3 a5 10.a3 Bd7 11.cxd5 exd5 12.Qb3 Be8 13.Qxb7 a4 14.Qb5 Nxd4 15.Qd3 Ne6
16.Rd1 Rb8 17.Qc2 Bh5 18.Re1 Bf6 19.Rb1 Qd7 20.h3 g5 21.Nxe4 fxe4 22.Nh2 Qf7
23.Bd2 Rb3 24.Bc3 Bxc3 25.bxc3 Nc5 26.g4 Bg6 27.Red1 Nd3 28.Rd2 Rfb8  1-0

[Event "Maia Chiburdanidze Cup"]
[Site "Tbilisi GEO"]
[Date "2009.06.09"]
[Round "5"]
[White "Batsiashvili,N"]
[Black "Gavasheli,A"]
[Result "1/2-1/2"]
[WhiteElo "2300"]
[BlackElo "2202"]

1.d4 d5 2.c4 e6 3.Nf3 Be7 4.g3 Nf6 5.Bg2 O-O 6.O-O dxc4 7.Ne5 c5 8.dxc5 Bxc5
9.Nd2 c3 10.bxc3 Qc7 11.Ndc4 Rd8 12.Qb3 Nd5 13.Rd1 b5 14.Qxb5 Ba6 15.Qa4 f6
16.Rxd5 exd5 17.Bxd5+ Kf8 18.Bxa8 fxe5 19.Be3 Bxe3 20.Nxe3 Qxc3 21.Rb1 Bxe2
22.Qxa7 Nc6 23.Qc7 Qa5 24.Qxa5 Nxa5 25.Bd5 Rc8 26.a4 Rc5 27.Kg2 Bd3 28.Rb8+ Ke7
29.f3 g6 30.Rb6 Kd7 31.Rf6 h5 32.Rf7+ Kd6 33.Rf6+ Kd7 34.h4 Rc3 35.Kf2 Ra3
36.f4 exf4 37.Rxf4 Nb3 38.Nc4 Bxc4 39.Bxc4 Nc5 40.Bb5+ Ke6 41.Ke2 Ke5 42.Be8 Ne4
43.Rf3 Ra2+ 44.Kf1 Ra1+ 45.Kg2  1/2-1/2

[Event "1st SCS GM Open"]
[Site "Bhubaneswar IND"]
[Date "2009.06.11"]
[Round "7"]
[White "Fominyh,A"]
[Black "Swapnil,SD"]
[Result "0-1"]
[WhiteElo "2485"]
[BlackElo "2340"]

1.Nf3 Nf6 2.c4 e6 3.g3 d5 4.Bg2 Be7 5.d4 O-O 6.Qc2 c5 7.cxd5 cxd4 8.Nxd4 Nxd5
9.O-O Nb4 10.Qc3 N8a6 11.a3 Nd5 12.Qc2 Qb6 13.Rd1 Bf6 14.Bxd5 Bxd4 15.e3 Bf6
16.Bf3 Nc5 17.Nd2 Bd7 18.Rb1 Rac8 19.Nc4 Qc7 20.b3 Bc6 21.e4 Rfd8 22.Bf4 e5
23.Rxd8+ Rxd8 24.Be3 Ne6 25.Bxa7 Nd4 26.Bxd4 exd4 27.Qd3 Bb5 28.Rc1 Ba6 29.Rc2 Qe7
30.a4 Qb4 31.Kg2 g6 32.Be2 Be7 33.f4 Qe1 34.Rd2 Bxc4 35.bxc4 Bc5 36.e5 Re8
37.Bf3 b6 38.Bd5 Kg7 39.Re2 Qb4 40.f5 Qxa4 41.Qf3 Rf8 42.f6+ Kh8 43.Bxf7 Rxf7
44.e6 d3 45.Rd2 Rf8 46.Rxd3 Qa2+ 47.Kh3 Qxc4 48.Rd5 Qa4 49.Re5 Qd4 50.Qb7 Rxf6
51.Rd5 Qe3 52.Rd8+ Rf8 53.Qf7 Qh6+ 54.Kg2 Qg7  0-1

[Event "FSIMA June"]
[Site "Budapest HUN"]
[Date "2009.06.11"]
[Round "6"]
[White "Galyas,M"]
[Black "Halvax,G"]
[Result "1-0"]
[WhiteElo "2458"]
[BlackElo "2231"]

1.d4 d5 2.c4 e6 3.Nf3 Nf6 4.g3 Be7 5.Bg2 O-O 6.O-O dxc4 7.Ne5 Nc6 8.Nxc6 bxc6
9.Na3 Rb8 10.Nxc4 c5 11.Na5 Qd7 12.Nc6 Rb6 13.Nxe7+ Qxe7 14.dxc5 Rb5 15.Qa4 a6
16.b3 Rd8 17.c6 Nd5 18.Bb2 Qg5 19.Rad1 Rd6 20.e4 Nb6 21.Qa3 Ra5 22.Qb4 Rb5
23.Qa3 Ra5 24.h4 Rxa3 25.hxg5 Ra5 26.Rxd6 cxd6 27.a4 Rxg5 28.Rd1 d5 29.Bd4 Na8
30.Be3 Rg6 31.exd5  1-0

[Event "TCh-BUL"]
[Site "Sunny Beach BUL"]
[Date "2009.06.11"]
[Round "4"]
[White "Mladenov,I"]
[Black "Serafimov,T"]
[Result "0-1"]
[WhiteElo "2237"]
[BlackElo "2388"]

1.d4 d5 2.c4 e6 3.Nf3 Be7 4.g3 Nf6 5.Bg2 O-O 6.Nbd2 Nc6 7.O-O a5 8.a3 Ne4
9.Qc2 f5 10.b3 Bd7 11.Bb2 Qc8 12.Ne5 Nxe5 13.dxe5 Nxd2 14.Qxd2 dxc4 15.bxc4 Bc6
16.Rfd1 Bxg2 17.Kxg2 Qb8 18.f3 Rd8 19.Qc3 a4 20.Rac1 Bg5 21.Rb1 Qa7 22.Rd4 Qc5
23.Rbd1 b6 24.Rxd8+ Rxd8 25.Rxd8+ Bxd8 26.Qd3 Be7 27.e4 fxe4 28.Qxe4 Qa5
29.Qd3 Qe1 30.h4 g6 31.Bc3 Qc1 32.Bb4 Qb2+ 33.Kh3 Qb3 34.Qd7 c5 35.Bd2 Qxf3  0-1

[Event "13th FIDE Open"]
[Site "Voronezh RUS"]
[Date "2009.06.12"]
[Round "1"]
[White "Kutliev,R"]
[Black "Kostrikina,A"]
[Result "0-1"]
[WhiteElo "1759"]
[BlackElo "2131"]

1.d4 Nf6 2.c4 e6 3.Nf3 d5 4.g3 Be7 5.Bg2 O-O 6.O-O Nbd7 7.Qc2 c6 8.b3 b6
9.Bb2 Bb7 10.Nc3 Rc8 11.e3 Ba6 12.Ne2 c5 13.Nd2 b5 14.Rac1 cxd4 15.Nxd4 bxc4
16.bxc4 Nb6 17.Rfd1 Nxc4 18.Qa4 Nxb2 19.Qxa6 Nxd1 20.Rxd1 Qb6 21.Qa4 Qb4
22.Qa6 Qa3 23.Qb7 Rb8 24.Qc7 Bd6 25.Qc1 Qxa2 26.Qc3 Qa3 27.N4b3 Qb4 28.Qd3 a5
29.Rb1 Rfc8 30.Nd4 Qxb1+ 31.Nxb1 Rc1+ 32.Bf1 Rbxb1 33.Qa6 Rxf1+ 34.Kg2 Ne4
35.Qc8+ Bf8 36.Nc6 Rxf2+ 37.Kh3 g6 38.Ne5 Kg7 39.Qc7 Bd6 40.Qxa5 Bxe5 41.Qd8 Bf6
42.Qc7 Ng5+ 43.Kg4 h5+ 44.Kh4 Rxh2+  0-1

[Event "XXVII Open A"]
[Site "Balatonlelle HUN"]
[Date "2009.06.13"]
[Round "1"]
[White "Kiss,Pa1"]
[Black "Kovacs,Art"]
[Result "1/2-1/2"]
[WhiteElo "2385"]
[BlackElo "2149"]

1.d4 d5 2.c4 e6 3.Nf3 Nf6 4.g3 Be7 5.Bg2 O-O 6.O-O dxc4 7.Qc2 a6 8.Qxc4 b5
9.Qc2 Bb7 10.Bf4 Nc6 11.Rd1 Nb4 12.Qc1 Nbd5 13.Nc3 Rc8 14.Nxd5 Bxd5 15.Be3 Ng4
16.Ne1 Nxe3 17.Qxe3 c5 18.dxc5 Bxc5 19.Qf4 Bd6 20.Qd2 Bxg2 21.Kxg2 Be7 22.Qxd8 Rfxd8
23.Rac1 Rxc1 24.Rxc1 Kf8 25.Nd3 Ke8 26.f4 f6 27.Kf3 Kd7 28.g4 Rc8 29.Rxc8 Kxc8
30.f5 Kd7 31.Ke4 Kd6 32.Nf4 exf5+ 33.gxf5 Kc6 34.h4 Bd6 35.h5 Bxf4 36.Kxf4 a5
37.Ke4 Kc5 38.Kd3 Kd5 39.e4+ Kc6 40.Kd4 Kd6 41.b3 b4 42.Kc4 Kc6  1/2-1/2

[Event "FSGM June"]
[Site "Budapest HUN"]
[Date "2009.06.13"]
[Round "7"]
[White "Nguyen Huynh Minh Huy"]
[Black "Kovacs,Ga2"]
[Result "1-0"]
[WhiteElo "2484"]
[BlackElo "2524"]

1.d4 d5 2.c4 e6 3.Nf3 Nf6 4.g3 Be7 5.Bg2 O-O 6.O-O dxc4 7.Qc2 a6 8.a4 Bd7
9.Nbd2 Bc6 10.Nxc4 Be4 11.Qb3 Nc6 12.Be3 Nb4 13.Rfc1 a5 14.Nfe5 Bd5 15.f3 Nd7
16.Nxd7 Qxd7 17.Qc3 Nc6 18.Bf2 Bxc4 19.Qxc4 Rfd8 20.f4 Rab8 21.b3 Bd6 22.Qb5 Qc8
23.Rab1 Ba3 24.Rc4 Bd6 25.Bxc6 bxc6 26.Qxa5 Qb7 27.Qc3 Bb4 28.Qc2 f5 29.e4 c5
30.exf5 exf5 31.dxc5 Rd2 32.Qxf5 Re8 33.c6 Qb8 34.Re4 Rxe4 35.Qxe4 Qf8 36.Re1 Rd8
37.Qc4+ Kh8 38.Re4 Ba3 39.b4 h6 40.Qb3 Bc1 41.Re1 Bd2  1-0

[Event "TCh-BUL w"]
[Site "Sunny Beach BUL"]
[Date "2009.06.13"]
[Round "6"]
[White "Dragomirescu,An"]
[Black "Djingarova,E"]
[Result "1/2-1/2"]
[WhiteElo "2206"]
[BlackElo "2334"]

1.d4 Nf6 2.c4 e6 3.g3 d5 4.Bg2 Be7 5.Nf3 O-O 6.O-O dxc4 7.Qc2 a6 8.Qxc4 b5
9.Qc2 Bb7 10.Bf4 Nd5 11.Rd1 Nd7 12.Nc3 Nxf4 13.gxf4 Qb8 14.e3 Nf6 15.Ng5 Bxg2
16.Kxg2 Qb7+ 17.Kg1 c5 18.dxc5 Bxc5 19.Nce4 Nxe4 20.Qxe4 Qxe4 21.Nxe4 Rfc8
22.Kg2 Kf8 23.Rac1 Be7 24.Kf3 Ke8 25.Ke2 Rxc1 26.Rxc1 Kd7 27.Nc5+ Bxc5 28.Rxc5 Kd6
29.Rc2 a5 30.Rd2+ Kc6 31.Rc2+ Kd6 32.Rd2+  1/2-1/2

[Event "TCh-BUL"]
[Site "Sunny Beach BUL"]
[Date "2009.06.13"]
[Round "6"]
[White "Antic,De"]
[Black "Drenchev,P"]
[Result "1/2-1/2"]
[WhiteElo "2513"]
[BlackElo "2450"]

1.d4 Nf6 2.c4 e6 3.g3 d5 4.Nf3 Be7 5.Bg2 O-O 6.O-O Nbd7 7.Qc2 c6 8.Nbd2 b6
9.e4 Bb7 10.e5 Ne8 11.cxd5 cxd5 12.Re1 Qc7 13.Qb3 Rc8 14.Bf1 Qc2 15.Qe3 Qa4
16.Bd3 Ba6 17.b3 Qa5 18.Bb2 Bxd3 19.Qxd3 Nc7 20.Rec1 Qa6 21.Qe3 Na8 22.h4 Rxc1+
23.Rxc1 Rc8 24.Rxc8+ Qxc8 25.Qd3 Nc7 26.Nf1 Na6 27.a3 Nab8 28.h5 Nc6 29.Ne3 a6
30.h6 g6 31.Ng4 Na7 32.Kg2 Nb5 33.a4 Na7 34.Qd2 Nc6 35.Qc3 Na7 36.Qd2 Nc6
37.Qc3 Na7 38.Qd2  1/2-1/2

[Event "TCh-BUL w"]
[Site "Sunny Beach BUL"]
[Date "2009.06.14"]
[Round "7"]
[White "Yordanova,S"]
[Black "Videnova,I"]
[Result "0-1"]
[WhiteElo "2220"]
[BlackElo "2160"]

1.d4 Nf6 2.g3 e6 3.Bg2 d5 4.Nf3 Be7 5.c4 O-O 6.O-O dxc4 7.Ne5 c5 8.dxc5 Qxd1
9.Rxd1 Bxc5 10.Nc3 a6 11.Nxc4 Nbd7 12.Bf4 e5 13.Be3 Bxe3 14.Nxe3 Rb8 15.Rac1 b5
16.Ncd5 Bb7 17.Rc7 Bxd5 18.Nxd5 Rfe8 19.Nxf6+ Nxf6 20.Bb7 a5 21.Bc6 Rf8 22.h3 b4
23.Ra7 b3 24.axb3 Rxb3 25.Rd2 e4 26.e3 g6 27.Rxa5 Kg7 28.Ra8 Rxa8 29.Bxa8 Rb8
30.Bc6 Rc8 31.Rc2 Nd5 32.Ba4 Ra8 33.Bb3 Ne7 34.Rc7 Kf6 35.Rb7 Ra1+ 36.Kg2 Rc1
37.g4 g5 38.Rb6+ Kg7 39.Rb7 Ng6 40.Rxf7+ Kh8 41.f3 exf3+ 42.Kf2 Nh4 43.Rd7 Rh1
44.e4 Rh2+ 45.Ke3 Re2+ 46.Kd3 Rxb2 47.Bd5 Ng6 48.Kc3 Re2 49.Rf7 Nf4 50.Bc4 Rxe4
51.Rf5 Rxc4+ 52.Kxc4 f2  0-1

[Event "Open"]
[Site "Teplice CZE"]
[Date "2009.06.14"]
[Round "2"]
[White "Kriebel,T"]
[Black "Kulovana,E"]
[Result "0-1"]
[WhiteElo "2038"]
[BlackElo "2293"]

1.d4 Nf6 2.c4 e6 3.Nf3 d5 4.g3 Be7 5.Bg2 O-O 6.O-O dxc4 7.Qc2 a6 8.Qxc4 b5
9.Qc2 Bb7 10.Bd2 Be4 11.Qc1 Nbd7 12.Ba5 Ra7 13.Nbd2 Ba8 14.Qc2 Qb8 15.b4 Nd5
16.a3 Bf6 17.e4 N5b6 18.e5 Be7 19.Ne4 Nc4 20.Nfg5 g6 21.h4 c5 22.Qd3 cxd4
23.Qxd4 Ndxe5 24.f4 Rd7 25.Qc3 Qa7+ 26.Kh1 Ng4 27.a4 Bxg5 28.fxg5 Bxe4  0-1

[Event "13th Open"]
[Site "Voronezh RUS"]
[Date "2009.06.14"]
[Round "3"]
[White "Popov,Val"]
[Black "Zablotsky,S"]
[Result "1/2-1/2"]
[WhiteElo "2570"]
[BlackElo "2540"]

1.d4 d5 2.Nf3 e6 3.g3 Nf6 4.Bg2 Be7 5.c4 O-O 6.O-O dxc4 7.Qc2 a6 8.Qxc4 b5
9.Qc2 Bb7 10.Bd2 Ra7 11.Rc1 Nc6 12.e3 Qa8 13.Ne1 Nb8 14.Bxb7 Qxb7 15.Ba5 Rc8
16.b4 Nd5 17.a3 Bg5 18.Nc3 Nb6 19.Bxb6 Qxb6 20.a4 Be7 21.Nd3 bxa4 22.Nxa4 Qb7
23.Nc3 Qc6 24.Ra4 h5 25.h4 Nd7 26.Rca1 Nb6 27.Ra5 Nc4 28.R5a4 Nb6 29.R4a2  1/2-1/2

[Event "XXVII Open A"]
[Site "Balatonlelle HUN"]
[Date "2009.06.15"]
[Round "3"]
[White "Banusz,T"]
[Black "Brumen,D"]
[Result "1-0"]
[WhiteElo "2502"]
[BlackElo "2355"]

1.Nf3 Nf6 2.c4 e6 3.g3 d5 4.d4 Be7 5.Bg2 O-O 6.O-O dxc4 7.Ne5 Nc6 8.Nxc6 bxc6
9.e3 Nd5 10.Qa4 Nb6 11.Qc2 Ba6 12.Rd1 Rb8 13.b3 Qc8 14.Nd2 cxb3 15.Nxb3 Bb5
16.Bxc6 Bxc6 17.Qxc6 Nd5 18.Bd2 f5 19.Rac1 Rb6 20.Qc4 g5 21.f3 Bb4 22.e4 fxe4
23.fxe4 Bxd2 24.Rxd2 Nf6 25.Nc5 Kh8 26.Rf2 Ng4 27.Rxf8+ Qxf8 28.Qe2 Nf6 29.Rf1 Qd8
30.Qe3 Nd7 31.Qc3 Kg8 32.Nb3 Nf8 33.Qf3 Qe7 34.e5 Rb8 35.Nc5 Nd7 36.Ne4 Rf8
37.Qh5 Rxf1+ 38.Kxf1 c5 39.dxc5 Nxe5 40.Qxg5+ Ng6 41.Qxe7 Nxe7 42.Ke2 Nd5
43.Kd3 h6 44.Kc4 a6 45.c6 Kf7 46.Kc5 Ke7 47.g4 Ne3 48.Kb6  1-0

[Event "FSGM June"]
[Site "Budapest HUN"]
[Date "2009.06.15"]
[Round "9"]
[White "Duong The Anh"]
[Black "Kovacs,Ga2"]
[Result "1/2-1/2"]
[WhiteElo "2434"]
[BlackElo "2524"]

1.d4 d5 2.c4 e6 3.Nf3 Nf6 4.g3 Be7 5.Bg2 O-O 6.O-O dxc4 7.Qc2 a6 8.a4 Bd7
9.Nbd2 Bc6 10.Nxc4 Be4 11.Qb3 Nc6 12.Be3 Bd5 13.Qc3 h6 14.Rfd1 Bb4 15.Qc1 Qe7
16.Nfe5 Bxg2 17.Kxg2 Nxe5 18.Nxe5 Rfd8 19.f3 c5 20.dxc5 Rxd1 21.Qxd1 Nd5
22.Qg1 Nxe3+ 23.Qxe3 Bxc5 24.Qb3 Bd4 25.Nd3 Rd8 26.Rd1 Qc7 27.Rc1 Qd7 28.Rd1 Qe7
29.Ne1 Rd6 30.Qb4 Qd7 31.Rd3 Be5 32.Rxd6 Bxd6 33.Qd4 Qc7 34.Nd3 Be7 35.Qc3 Qxc3
36.bxc3 b5 37.axb5 axb5 38.Nb2 Bf6 39.Nd1 Kf8 40.Kf2 Ke7 41.Ke3 Kd6 42.Kd3 Kc5
43.Nf2 Bd8 44.Ne4+ Kd5 45.Nd2 Kc5 46.Nb3+ Kd5 47.Nd2 Kc5 48.Nb3+  1/2-1/2

[Event "FSIMA June"]
[Site "Budapest HUN"]
[Date "2009.06.15"]
[Round "10"]
[White "Galyas,M"]
[Black "Magyar,O"]
[Result "1/2-1/2"]
[WhiteElo "2458"]
[BlackElo "2296"]

1.d4 Nf6 2.c4 e6 3.Nf3 d5 4.g3 Be7 5.Bg2 O-O 6.O-O dxc4 7.Qc2 a6 8.Qxc4 b5
9.Qc2 Bb7 10.Bd2 Be4 11.Qc1 Qc8 12.Bg5 Nbd7 13.Nbd2 Bb7 14.Nb3 c5 15.Bxf6 gxf6
16.Nxc5 Nxc5 17.dxc5 Qxc5 18.Qxc5 Bxc5 19.Rfc1 Rac8 20.Ne1 Bxg2 21.Kxg2 Bd4
22.Nd3 Rfd8 23.g4 a5 24.a4 Rb8 25.Rc6 bxa4 26.Rxa4 Rb5 27.b4 axb4 28.Rxb4 Rxb4
29.Nxb4 Be5 30.Nd3 Bd6 31.f4 Kg7 32.Kf3 Rd7 33.Ra6 Be7 34.Nf2 h5 35.gxh5 f5
36.Nh1 Bh4 37.Ng3 Rd8 38.Nf1 Rh8 39.Nd2 Rxh5 40.Nc4 Rh8 41.Ra7 Re8 42.Nd6 Re7
43.Ra6 Kh7 44.e4 fxe4+ 45.Kxe4 Bf6 46.Kf3 Bg7 47.Kg4 Rd7 48.h4 Bf8 49.Nc4 Bg7
50.Nd6 Bf8 51.Nc4 Bg7 52.Nd6 Bf8 53.Nc4 Bg7 54.Nd6  1/2-1/2

[Event "XXVII Open A"]
[Site "Balatonlelle HUN"]
[Date "2009.06.17"]
[Round "5"]
[White "Kiss,Pa1"]
[Black "Prohaszka,P2"]
[Result "1/2-1/2"]
[WhiteElo "2385"]
[BlackElo "2511"]

1.Nf3 Nf6 2.c4 e6 3.g3 d5 4.Bg2 Be7 5.d4 O-O 6.O-O dxc4 7.Qc2 a6 8.Qxc4 b5
9.Qc2 Bb7 10.Bf4 Nc6 11.Rd1 Nb4 12.Qc1 Rc8 13.Nc3 Nbd5 14.Nxd5  1/2-1/2

[Event "zt 3.4"]
[Site "Tashkent UZB"]
[Date "2009.06.18"]
[Round "3"]
[White "Jumabayev,R"]
[Black "Khamrakulov,D"]
[Result "1-0"]
[WhiteElo "2544"]
[BlackElo "2524"]

1.Nf3 Nf6 2.c4 e6 3.d4 d5 4.g3 Be7 5.Bg2 O-O 6.O-O Nbd7 7.Qc2 c5 8.Rd1 b6
9.Nc3 Bb7 10.cxd5 exd5 11.Bf4 a6 12.dxc5 bxc5 13.Nh4 Nb6 14.Nf5 Re8 15.Be5 Ra7
16.Nxe7+ Rxe7 17.Bxf6 gxf6 18.Ne4 Rc7 19.Nxc5 Qe7 20.b4 a5 21.a3 Nd7 22.Qb2 Nxc5
23.bxc5 Rxc5 24.Rac1 Rxc1 25.Rxc1 Qd6 26.Bf3 Kg7 27.Rd1 Qc5 28.Rd4 Qd6 29.Kg2 Kf8
30.Rh4 Bc6 31.Qd4 Rb7 32.Rxh7 Ke7 33.Qe3+ Qe6 34.Qc5+ Kd7 35.Qf8  1-0

[Event "XXVII Open A"]
[Site "Balatonlelle HUN"]
[Date "2009.06.19"]
[Round "7"]
[White "Balog,I1"]
[Black "Horvath,Ad1"]
[Result "1-0"]
[WhiteElo "2432"]
[BlackElo "2519"]

1.d4 Nf6 2.Nf3 e6 3.c4 d5 4.g3 Be7 5.Bg2 O-O 6.Qc2 c6 7.O-O b6 8.Nbd2 Nbd7
9.e4 Ba6 10.Re1 Rc8 11.e5 Ne8 12.b3 c5 13.Bb2 cxd4 14.Nxd4 b5 15.Qd1 bxc4
16.bxc4 Bxc4 17.Nxc4 Rxc4 18.Bf1 Rc8 19.Ba6 Rc5 20.Bb5 Nc7 21.Nc6 Rxc6 22.Bxc6 Nb8
23.Ba4 Nca6 24.Bd4 Nc5 25.Bxc5 Bxc5 26.Qd3 Bb6 27.Rac1 Qe7 28.Re2 Nd7 29.Bxd7 Qxd7
30.Rec2 Qa4 31.Qe2 Qd4 32.Kg2 g6 33.Rd1 Qa4 34.Rd3 Rd8 35.Rf3 Qa5 36.Rfc3 Rd7
37.Rc8+ Bd8 38.R2c5 Qa4 39.Qf3 Kg7 40.Rxd8 Rxd8 41.Qf6+ Kh6 42.Qxd8 Qe4+
43.f3  1-0

[Event "CIQ"]
[Site "Montreal CAN"]
[Date "2009.06.20"]
[Round "2"]
[White "Leveille,F"]
[Black "Kovalyov,A"]
[Result "0-1"]
[WhiteElo "2261"]
[BlackElo "2557"]

1.d4 Nf6 2.c4 e6 3.g3 d5 4.Bg2 Be7 5.Nf3 c6 6.O-O O-O 7.Qc2 b6 8.Rd1 Nbd7
9.b3 Ba6 10.Bb2 Rc8 11.Nc3 Qc7 12.e4 dxc4 13.bxc4 Bxc4 14.Rac1 Rfd8 15.Nd2 Ba6
16.e5 Ne8 17.Qb1 Qb8 18.Nf3 Bb7 19.Qe4 c5 20.d5 Nc7 21.Qg4 exd5 22.e6 Nxe6
23.Rxd5 Nf6 24.Rxd8+ Rxd8 25.Qf5 Qa8 26.Nh4 Bxg2 27.Nxg2 Nd4  0-1

[Event "Oceania Zonal"]
[Site "Gold Coast AUS"]
[Date "2009.06.21"]
[Round "3"]
[White "Pyke,M"]
[Black "Encel,B"]
[Result "1/2-1/2"]
[WhiteElo "2156"]
[BlackElo "1838"]

1.d4 d5 2.Nf3 e6 3.c4 Nf6 4.g3 Be7 5.Bg2 dxc4 6.O-O O-O 7.Qc2 a6 8.Qxc4 b5
9.Qc2 Bb7 10.Bf4 Nd5 11.Nbd2 Nxf4 12.gxf4 Nd7 13.Nb3 Ra7 14.Rac1 Ba8 15.Rfd1 Nf6
16.Ne5 Bxg2 17.Kxg2 Qd5+ 18.Kg1 Bd6 19.e3 h5 20.Qc6 a5 21.Qxd5 Nxd5 22.Nc6 Ra6
23.a3 a4 24.Nd2 f5 25.Nf3 Nb6 26.Nce5 Bxe5 27.Nxe5 Nd5 28.Rc5 Rb8 29.Rdc1 b4
30.Nc6 Rbb6 31.axb4 Nxb4 32.Nxb4 Rxb4 33.Rxc7 Rxb2 34.Rd7 g6 35.Rcc7 a3  1/2-1/2